Statistics for Barbados First Level Subdivisions

Click here to take the quiz!

General Stats

  • This quiz has been taken 24 times
  • The average score is 8 of 11

Answer Stats

Parishes% Correct
Saint Peter
95%
Saint John
95%
Saint George
89%
Saint Andrew
79%
Saint Philip
74%
Saint James
63%
Saint Thomas
63%
Saint Lucy
58%
Saint Joseph
53%
Christ Church
47%
Saint Michael
42%

Score Distribution

Percentile by Number Answered

Percent of People with Each Score

Your Score History

You have not taken this quiz